000 00633cab a2200205 4500
001 WB2803-69
008 090401t1992 xxu||||| |||| 00| 0 eng d
035 _a(Sirsi) u7677
041 _aeng
245 _aWater charges
260 _c1992
350 _a0
490 _aFinancial Times
_v14 January 1992, 7(1)
520 _aProposals for a national charges scheme for the taking of water from rivers, lakes and underground sources in England and Wales have been put forward by the National Rivers Authority.
650 _aWATER ABSTRACTION
650 _aWATER CHARGES
690 _aWATER
942 _n0
948 _c04/03/1997
999 _c4671
_d4671